Annotated statutes of Malaysia with relevent subsidiary legislation : Land Acquisition Act 1960 (Act 468) (Revised 1992)

Bibliographic Details
Format: Book
Language:English
Published: Kuala Lumpur : Malayan Law Journal 1996
Subjects:

MARC

LEADER 00000cam a2200000 7i4500
001 0000005803
005 20240930.0
008 000127 my eng
020 |a 9679620158 
040 |a INS   |b eng   |e rda 
090 0 0 |a JQ713.A55   |b L425 1996 
245 0 0 |a Annotated statutes of Malaysia with relevent subsidiary legislation :   |b Land Acquisition Act 1960 (Act 468) (Revised 1992) 
264 1 |a Kuala Lumpur :   |b Malayan Law Journal   |c 1996 
300 |a 100 pages ;   |c 23 cm. 
336 |a text  |2 rdacontent 
337 |a unmediated  |2 rdamedia 
338 |a volume  |2 rdacarrier 
500 |a Includes index 
650 0 |a Acquisition of property   |z Malaysia 
650 0 |a Government purchasing of real estate property   |z Malaysia 
650 0 |a Land acquisition 
650 0 |a Land acquisition   |z Malaysia 
650 0 |a Land tenure   |x Law and legislation   |z Malaysia 
999 |a 0000007317   |b BOOK   |c Open Shelf   |e Default branch